000 00213nam a22000857a 4500
008 170220b xxu||||| |||| 00| 0 eng d
100 _92921
_aRaja Pocket Book
245 _aPusss in Books
260 _aNew Delhi
_bRPB
_c2007
999 _c6158
_d6158